000 00291nam a22001337a 4500
008 181017b xxu||||| |||| 00| 0 eng d
020 _a9781455745999
041 _aeng
080 _23rd
_a610
100 _a4
101 _aSHM
245 _aFerri's Best Test
_cFerri,F.F
942 _2udc
_cBK
999 _c49993
_d49993